[Event "Rhein Main op-B 21st"]
[Site "Bad Homburg"]
[Date "2018.06.01"]
[Round "4"]
[White "Graetzer, Stefan"]
[Black "Lehmann, Nils"]
[Result "1/2-1/2"]
[WhiteElo "1913"]
[BlackElo "1558"]
[PlyCount "58"]
[EventDate "2018.05.30"]
[EventType "swiss"]
[EventRounds "7"]
[EventCountry "GER"]
[SourceTitle "EXT 2019"]
[Source "ChessBase"]
[SourceDate "2018.10.10"]
[SourceVersion "1"]
[SourceVersionDate "2018.10.10"]
[SourceQuality "1"]

1. d4 d5 2. Nf3 Nf6 3. c4 e6 4. Nc3 Be7 5. Bf4 0-0 6. e3 Nbd7 7. Bd3 b6 8. Nb5 Bb4+ 9. Kf1 dxc4 10. Bxc7 Qe7 11. Bxc4 Ba6 12. a3 Rfc8 13. axb4 Bxb5 14. Bxb5 Rxc7 15. Bxd7 Qxd7 16. g3 Qb5+ 17. Kg2 Qxb4 18. Rc1 Rac8 19. Rxc7 Rxc7 20. Qb1 Qc4 21. Re1 Qc2 22. Ng1 Qxb1 23. Rxb1 Ne4 24. b4 Rc2 25. Nh3 Nd2 26. Ra1 Rc7 27. Nf4 Ne4 28. Nd3 g6 29. h4 Kg7 1/2-1/2

[Event "Rhein Main op-B 20th"]
[Site "Bad Homburg"]
[Date "2017.06.17"]
[Round "5"]
[White "Modric, Vladimir"]
[Black "Graetzer, Stefan"]
[Result "1-0"]
[WhiteElo "1884"]
[BlackElo "1928"]
[PlyCount "75"]
[EventDate "2017.06.14"]
[EventType "swiss"]
[EventRounds "7"]
[EventCountry "GER"]
[SourceTitle "EXT 2018"]
[Source "ChessBase"]
[SourceDate "2017.10.13"]
[SourceVersion "1"]
[SourceVersionDate "2017.10.13"]
[SourceQuality "1"]

1. g3 d5 2. Bg2 Nf6 3. f4 c6 4. Nf3 Bf5 5. 0-0 h6 6. e3 e6 7. Nc3 Nbd7 8. d3 Bc5 9. Qe2 0-0 10. Kh1 Re8 11. e4 dxe4 12. dxe4 Bh7 13. Bd2 Qc7 14. h3 Bb4 15. e5 Bxc3 16. Bxc3 Nd5 17. Bd4 Rad8 18. a3 c5 19. Bg1 c4 20. Nd4 a6 21. Rae1 Nb8 22. g4 Nc6 23. Nxc6 Qxc6 24. f5 Qb5 25. f6 g5 26. h4 Qxb2 27. Be4 Bxe4+ 28. Qxe4 Qxa3 29. Rf3 Nc3 30. Qe3 Nb5 31. Qxa3 Nxa3 32. Rxa3 Rd2 33. hxg5 hxg5 34. Rc3 b5 35. Be3 Rd5 36. Bxg5 Kh7 37. Rh3+ Kg6 38. Bc1 1-0

[Event "Rhein Main op 13th"]
[Site "Bad Homburg"]
[Date "2010.06.05"]
[Round "5"]
[White "Graetzer, Stefan"]
[Black "Hahn, Florian"]
[Result "1/2-1/2"]
[WhiteElo "1917"]
[BlackElo "2029"]
[PlyCount "52"]
[EventDate "2010.06.02"]
[EventType "swiss"]
[EventRounds "7"]
[EventCountry "GER"]
[SourceTitle "EXT 2011"]
[Source "ChessBase"]
[SourceDate "2010.11.26"]
[SourceVersion "1"]
[SourceVersionDate "2010.11.26"]
[SourceQuality "1"]

1. d4 Nf6 2. Bf4 e6 3. e3 b6 4. Nf3 Bb7 5. Bd3 d6 6. Nbd2 Nbd7 7. 0-0 Be7 8. Re1 0-0 9. e4 Re8 10. c4 Nf8 11. Qc2 Ng6 12. Bg3 Nh5 13. e5 Nxg3 14. hxg3 Kh8 15. Rad1 d5 16. cxd5 Bxd5 17. Ne4 c6 18. Nc3 Rc8 19. Nxd5 cxd5 20. Qa4 a5 21. a3 Bf8 22. Rc1 Re7 23. Ba6 Rcc7 24. Qb3 Qb8 25. a4 Kg8 26. Qe3 Rxc1 1/2-1/2

[Event "Rhein Main op 13th"]
[Site "Bad Homburg"]
[Date "2010.06.03"]
[Round "3"]
[White "Graetzer, Stefan"]
[Black "Barisch, Florian"]
[Result "1/2-1/2"]
[WhiteElo "1917"]
[BlackElo "1915"]
[PlyCount "51"]
[EventDate "2010.06.02"]
[EventType "swiss"]
[EventRounds "7"]
[EventCountry "GER"]
[SourceTitle "EXT 2011"]
[Source "ChessBase"]
[SourceDate "2010.11.26"]
[SourceVersion "1"]
[SourceVersionDate "2010.11.26"]
[SourceQuality "1"]

1. d4 d5 2. Bf4 Nf6 3. e3 Bf5 4. Bd3 Bxd3 5. Qxd3 c6 6. Nf3 e6 7. Nbd2 Nbd7 8. h3 Be7 9. 0-0 0-0 10. c4 Re8 11. c5 Qc8 12. b4 Bd8 13. Ne5 Bc7 14. Ndf3 Ne4 15. a4 f6 16. Nxd7 Qxd7 17. Bxc7 Qxc7 18. Nd2 Nxd2 19. Qxd2 e5 20. Rfe1 Re7 21. e4 Rd8 22. Rad1 exd4 23. Qxd4 Qe5 24. Qd2 Rde8 25. f3 Qg3 26. b5 1/2-1/2

[Event "Rhein Main op 12th"]
[Site "Bad Homburg"]
[Date "2009.06.14"]
[Round "7"]
[White "Graetzer, Stefan"]
[Black "Staehrfeldt, Philipp"]
[Result "1/2-1/2"]
[WhiteElo "1814"]
[BlackElo "1973"]
[PlyCount "34"]
[EventDate "2009.06.10"]
[EventType "swiss"]
[EventRounds "7"]
[EventCountry "GER"]
[SourceTitle "CBM 131 Extra"]
[Source "ChessBase"]
[SourceDate "2009.09.03"]
[SourceVersion "2"]
[SourceVersionDate "2009.09.16"]
[SourceQuality "1"]

1. d4 f5 2. h3 Nf6 3. g4 d5 4. g5 Ne4 5. Nc3 e6 6. Nxe4 fxe4 7. Bf4 Bd6 8. Bxd6 Qxd6 9. Qd2 Nc6 10. 0-0-0 Bd7 11. f3 exf3 12. Nxf3 0-0-0 13. Bg2 Be8 14. h4 Bg6 15. Rdf1 Rhf8 16. e3 Be4 17. Ne1 Bxg2 1/2-1/2